banner koha

Gestão de custos: o controle dos gastos é essencial para garantir a renda do bataticultor (Registro n. 328457)

MARC details
000 -LÍDER
fixed length control field 00874nab a2200241 4500
003 - CÓDIGO MARC DA AGÊNCIA CATALOGADORA
Campo de controle BR-BrBNA
005 - DATA E HORA DA ÚLTIMA ATUALIZAÇÃO
Campo de controle 20241106120813.0
008 - CAMPO DE TAMANHO FIXO
fixed length control field 241106b bl.||||| |||| 00| 0 por d
040 ## - FONTE DA CATALOGAÇÃO
Agência catalogadora BR-BrBNA
Idioma da catalogação por
072 ## - CATEGORIA AGRIS
Código AGRIS E20 ; E16
Código do objeto 0210
100 ## - ENTRADA PRINCIPAL - NOME PESSOAL
Nome pessoal Deleo, João Paulo Bernardes
100 ## - ENTRADA PRINCIPAL - NOME PESSOAL
Nome pessoal Legnaro, Álvaro
245 ## - TÍTULO PRINCIPAL
Título principal Gestão de custos: o controle dos gastos é essencial para garantir a renda do bataticultor
500 ## - NOTA GERAL
Nota geral 5 illus.; 2 tables; 2 graphs
942 ## - ADDED ENTRY ELEMENTS (KOHA)
Koha item type Analítica
520 ## - NOTA DE RESUMO
Nota de conteúdo BOAS PRÁTICAS DE GESTÃO
650 ## - ASSUNTO - THESAGRO
Cabeçalho tópico ou nome geográfico BATATA
650 ## - ASSUNTO - THESAGRO
Cabeçalho tópico ou nome geográfico PROPRIEDADE RURAL
650 ## - ASSUNTO - THESAGRO
Cabeçalho tópico ou nome geográfico GESTÃO
650 ## - ASSUNTO - THESAGRO
Cabeçalho tópico ou nome geográfico CUSTO DE PRODUÇÃO
773 0# - ENTRADA ANALÍTICA
Host Biblionumber 4115
Registro do item 345301
Imprenta Piracicaba-SP Centro de Estudos Avançados em Economia Aplicada-CEPEA/USP/ESALQ 2002
Outro identificador 2024-5819
Título Hortifruti Brasil (Brazil)
ISSN 1981-1837
Colação v. 6(62) p. 6-14; (Oct 2007)
Número de controle de registro BR2024002016

Nenhum exemplar disponível.

BINAGRI

Telefone: (61)3218-2567/2388/3357/2097 - binagri@agro.gov.br

Ministério da Agricultura e Pecuária , Esplanada dos Ministérios, Bloco D, Anexo B, Brasília/DF, CEP: 70.043-900